LDR 00677naa#a2200181#i#450# 001 EN\\bibl\121058 005 20260426210200.7 011 ## _a2073-0454 100 ## _a20251015b2025####ek#y0engy0150####ca 102 ## _aRU 200 1# _aCivil Procedure Code of the Russian Federation. What's wrong with the title of the code? _eJournal article 210 1# _aMoscow _cMoscow University of the Ministry of Internal Affairs of Russia named after V.Ya. Kikot _d2025 215 ## _a7 с. 608 ## _aJournal article _2local 675 ## _aПраво. Юридические науки. 34 _z 700 #1 _aPankratov _gVladimir Vladimirovich 700 #1 _aMazurov _gIgor' Evgen'evich 856 4# _amosumvd.editorum.ru _u